| 000 | 00575nam a2200241 a 4500 | ||
|---|---|---|---|
| 001 | nice12345678 | ||
| 003 | IN_TiNIC | ||
| 005 | 20260116014938.0 | ||
| 008 | 050524s1990 lona grp 000 0 eng | ||
| 020 |
_a0415424 _c100 |
||
| 082 | 0 | 0 |
_a150 _bSTE |
| 100 | _aStevens, Anthony | ||
| 245 | _aOn Jung | ||
| 260 |
_aLondon _bRoutledge Chapman Hall _c1990 |
||
| 300 | _a292p. | ||
| 500 | _aincludes index and biblioraphy | ||
| 505 | 2 | _aIndex | |
| 650 | _aPsychology-Jung | ||
| 700 | 1 | _aStevens, Anthony | |
| 902 | _bSRS | ||
| 942 | _cBK | ||
| 999 |
_c17663 _d17663 |
||